Eunice Odio: Obras completas
Gardado en:
| Autor Principal: | |
|---|---|
| Formato: | Libro |
| Idioma: | Spanish |
| Publicado: |
Costa Rica
Editorial de la Universidad de Costa Rica
2017
|
| Edición: | Segunda edición |
| Materias: | |
| Etiquetas: |
Engadir etiqueta
Sen Etiquetas, Sexa o primeiro en etiquetar este rexistro!
|
MARC
| LEADER | 00000nam a2200000Ia 4500 | ||
|---|---|---|---|
| 008 | 170316s9999 xx 000 0 spa d | ||
| 999 | |c 30683 |d 30683 | ||
| 020 | |a 978-9968-46-617-2 | ||
| 040 | |a cru BVZT | ||
| 090 | |a 868 O-3o T.1 | ||
| 100 | |a Odio, Eunice | ||
| 130 | |a Eunice Odio. Obras completas |p Tomo I | ||
| 245 | |a Eunice Odio: Obras completas |c Eunice Odio ; Peggy von Mayer Chaves, editora | ||
| 250 | |a Segunda edición | ||
| 260 | |a Costa Rica |b Editorial de la Universidad de Costa Rica |c 2017 | ||
| 300 | |a 229 páginas. |b T.1 | ||
| 630 | |l Español | ||
| 650 | |a LITERATURA COSTARRICENSE |9 17 | ||
| 650 | 0 | |a POESÍA |9 18 | |
| 650 | 0 | |a POEMAS DISPERSOS | |
| 650 | 0 | |a LOS ELEMENTOS TERRESTRES | |
| 650 | 0 | |a TERRITORIO DEL ALBA Y OTROS POEMAS | |
| 942 | |c LIB |h 868 O-3o T.1 |2 z | ||



